[Event "Open B"]
[Site "Rimini ITA"]
[Date "1995.??.??"]
[Round "6"]
[White "La Spina, Marcello"]
[Black "Monaco, Paolo"]
[Result "1-0"]
[WhiteElo "1741"]
[BlackElo "1792"]
[PlyCount "33"]
[EventDate "1995.06.25"]

1. e4 c5 2. c3 d6 3. d4 Nf6 4. Bd3 Nc6 5. Nf3 Bg4 6. Be3 cxd4 7. cxd4 g6 8. O-O
Bg7 9. Nc3 O-O 10. Be2 a6 11. Qd2 b5 12. h3 b4 13. hxg4 bxc3 14. Qxc3 Rc8 15.
Bxa6 Nxe4 16. Qc2 Nb4 17. Qxc8 1-0

[Event "Open B"]
[Site "Rimini ITA"]
[Date "1995.??.??"]
[Round "7"]
[White "Viaggi, Stefano"]
[Black "La Spina, Marcello"]
[Result "0-1"]
[WhiteElo "1809"]
[BlackElo "1741"]
[PlyCount "108"]
[EventDate "1995.06.25"]

1. d4 d5 2. Nf3 e6 3. c3 c5 4. e3 Nc6 5. Bd3 Nf6 6. Nbd2 Be7 7. O-O O-O 8. Re1
Re8 9. a3 Bf8 10. e4 dxe4 11. Nxe4 Nxe4 12. Rxe4 g6 13. dxc5 Bxc5 14. b4 Bf8
15. b5 Ne7 16. Bb2 Bg7 17. Qe2 b6 18. Rd1 Bb7 19. Bb1 Qc7 20. Rc4 Bxf3 21. gxf3
Qb7 22. Re4 Rad8 23. Rxd8 Rxd8 24. c4 Bxb2 25. Qxb2 Qd7 26. Re3 Qd1+ 27. Kg2
Rd4 28. Bc2 Qd2 29. Qc3 Kf8 30. Qxd2 Rxd2 31. Rc3 Ke8 32. f4 Kd7 33. Kf3 Nf5
34. Bxf5 exf5 35. Ke3 Ra2 36. Rd3+ Kc7 37. h3 Rc2 38. Kd4 Rxf2 39. Ke5 f6+ 40.
Kxf6 Rxf4 41. Kg7 Rh4 42. Rc3 Kd6 43. Rd3+ Kc5 44. Rd7 Kxc4 45. Rxa7 Kxb5 46.
Kf6 Rxh3 47. Kg5 Rg3+ 48. Kf4 Rg4+ 49. Kf3 h5 50. Rb7 h4 51. Rh7 Rg3+ 52. Kf4
Rxa3 53. Kg5 Rg3+ 54. Kxh4 Rg4+ 0-1

[Event "III C.to Italiano Universitario a squadre"]
[Site "Asiago ITA"]
[Date "1995.08.??"]
[Round "1"]
[White "Boscolo, Fabio"]
[Black "Visintin, Roberto"]
[Result "0-1"]
[WhiteElo "1714"]
[BlackElo "1600"]
[PlyCount "139"]
[EventDate "1995.08.31"]

1. Nf3 d5 2. g3 Nf6 3. Bg2 e6 4. O-O Be7 5. d3 O-O 6. Nbd2 b6 7. c3 Bb7 8. Qe1
Nfd7 9. e4 dxe4 10. Nxe4 Nf6 11. Nd4 Qc8 12. Bg5 Nbd7 13. a4 Re8 14. Bxf6 Bxf6
15. Nxf6+ Nxf6 16. Nc6 Nd5 17. Bxd5 exd5 18. Ne7+ Rxe7 19. Qxe7 Ba6 20. Rad1 h6
21. Qe5 Bb7 22. d4 Bc6 23. b3 Qb7 24. Rfe1 b5 25. axb5 Bxb5 26. Qf4 Rf8 27. Re7
Be8 28. Rde1 Bb5 29. Rxc7 Qb6 30. Ree7 Qg6 31. h4 a6 32. g4 h5 33. Qf5 Qxg4+
34. Qxg4 hxg4 35. Kg2 g6 36. Kg3 Bd3 37. Kxg4 Kg7 38. Kg5 Bc2 39. Rb7 Bd3 40.
Rbd7 Bc2 41. b4 Bb3 42. f4 Bc2 43. Rd6 Rh8 44. Rf6 Rh5+ 45. Kg4 Kxf6 46. Ra7
Bd3 47. Rd7 Ke6 48. Rc7 Rh8 49. Rc6+ Kd7 50. Rf6 Ke7 51. Rc6 Be2+ 52. Kg3 Rd8
53. f5 gxf5 54. Kf4 f6 55. Kxf5 Bd3+ 56. Kf4 Rh8 57. Kg4 Be2+ 58. Kg3 Rg8+ 59.
Kf2 Bd3 60. Ke3 Bc4 61. Rc7+ Ke6 62. Rc6+ Kf7 63. Kf4 Rh8 64. Rc7+ Kg6 65. Kg4
Be2+ 66. Kg3 Kf5 67. Rg7 Rc8 68. Kf2 Bg4 69. Ra7 Rxc3 70. Rxa6 {...} 0-1

[Event "III C.to Italiano Universitario a squadre"]
[Site "Asiago ITA"]
[Date "1995.08.??"]
[Round "1"]
[White "Cesaro, Giuliano"]
[Black "Brunato, Davide"]
[Result "1-0"]
[WhiteElo "1884"]
[BlackElo "1600"]
[PlyCount "93"]
[EventDate "1995.08.31"]

1. d4 Nf6 2. Nf3 e6 3. c4 b6 4. Nc3 Bb7 5. Bg5 Be7 6. Qc2 d5 7. e3 Nbd7 8. cxd5
Nxd5 9. Bxe7 Nxe7 10. Bd3 Nf6 11. O-O O-O 12. Rfd1 Ned5 13. Nxd5 Qxd5 14. Qxc7
Rac8 15. Qe5 Qxe5 16. Nxe5 Rc7 17. Rac1 Rfc8 18. Rxc7 Rxc7 19. h3 Nd5 20. a3 f6
21. Nf3 Ne7 22. Nd2 Nc8 23. Bc4 Bd5 24. Bxd5 exd5 25. Nb3 Nd6 26. Rc1 Rxc1+ 27.
Nxc1 Nc4 28. Nd3 Kf7 29. Kf1 Ke6 30. Ke2 g5 31. a4 h6 32. f3 f5 33. b3 Na5 34.
Nc1 Nc6 35. Kd3 Nb4+ 36. Kc3 a5 37. Nd3 Nc6 38. b4 axb4+ 39. Nxb4 Na5 40. Nc2
Nc6 41. Kd3 h5 42. e4 g4 43. hxg4 fxe4+ 44. fxe4 dxe4+ 45. Kxe4 hxg4 46. d5+
Kd6 47. dxc6 1-0

[Event "III C.to Italiano Universitario a squadre"]
[Site "Asiago ITA"]
[Date "1995.08.??"]
[Round "1"]
[White "Chiaretti, Roberto"]
[Black "Cazzola, Paolo"]
[Result "1-0"]
[WhiteElo "2076"]
[BlackElo "1543"]
[PlyCount "59"]
[EventDate "1995.08.31"]

1. e4 e5 2. Bc4 Nc6 3. Nf3 Bc5 4. c3 Nf6 5. d3 h6 6. b4 Bb6 7. b5 Na5 8. Nxe5
O-O 9. Bb3 d6 10. Nf3 Bg4 11. h3 Bh5 12. O-O Nd7 13. d4 Nxb3 14. axb3 Qe8 15.
Re1 f5 16. Nbd2 fxe4 17. Rxe4 Bxf3 18. Qxf3 Rxf3 19. Rxe8+ Rxe8 20. Nxf3 Nf6
21. Kf1 Nd5 22. Bd2 Kf7 23. c4 Nf6 24. b4 Ne4 25. c5 dxc5 26. bxc5 Nxc5 27.
dxc5 Bxc5 28. Ba5 Bb6 29. Bxb6 cxb6 30. Rxa7 1-0

[Event "III C.to Italiano Universitario a squadre"]
[Site "Asiago ITA"]
[Date "1995.08.??"]
[Round "1"]
[White "Del Regno, Aurelio"]
[Black "Del Dotto, Riccardo"]
[Result "0-1"]
[WhiteElo "1615"]
[BlackElo "1989"]
[PlyCount "74"]
[EventDate "1995.08.31"]

1. e4 d6 2. d4 Nf6 3. f3 e5 4. d5 c6 5. c4 Be7 6. Nc3 O-O 7. Be3 a6 8. Nge2
cxd5 9. cxd5 b5 10. Nc1 Ne8 11. Nd3 f5 12. a4 fxe4 13. fxe4 b4 14. Nxb4 Bg5 15.
Qd2 Bxe3 16. Qxe3 Nf6 17. Be2 Ng4 18. Qg3 Nf2 19. Rf1 Qa5 20. Nc2 Nxe4 21.
Rxf8+ Kxf8 22. Qf3+ Nf6 23. Ne3 Ra7 24. Nc4 Qb4 25. Qf2 Rc7 26. a5 Bd7 27. Qb6
Nxd5 28. Qxb4 Nxb4 29. Kd2 Ke7 30. Nb6 Rc5 31. Bf3 N8c6 32. Ncd5+ Kd8 33. Be4
g6 34. Rf1 Bf5 35. g4 Nxd5 36. gxf5 Nf4 37. f6 Ke8 0-1

[Event "III C.to Italiano Universitario a squadre"]
[Site "Asiago ITA"]
[Date "1995.08.??"]
[Round "1"]
[White "Esposito, Luca"]
[Black "Arito, Luigi"]
[Result "1-0"]
[WhiteElo "2025"]
[BlackElo "1642"]
[PlyCount "53"]
[EventDate "1995.08.31"]

1. d4 Nf6 2. Nf3 d6 3. c4 c5 4. d5 b5 5. cxb5 a6 6. e3 g6 7. Nc3 Bg7 8. Bc4 O-O
9. O-O axb5 10. Bxb5 Ba6 11. Qe2 Qb6 12. Bc4 Nbd7 13. e4 Rfb8 14. h3 Qa5 15.
Bxa6 Qxa6 16. Qxa6 Rxa6 17. Rb1 Ne8 18. Bg5 Bxc3 19. bxc3 Rxb1 20. Rxb1 f6 21.
Rb7 Nf8 22. Rxe7 fxg5 23. Rxe8 Kf7 24. Rb8 h6 25. e5 dxe5 26. Nxe5+ Kf6 27.
Ng4+ 1-0

[Event "III C.to Italiano Universitario a squadre"]
[Site "Asiago ITA"]
[Date "1995.08.??"]
[Round "1"]
[White "Falcomata', Gesualdo"]
[Black "Bellomo, Francesco"]
[Result "0-1"]
[WhiteElo "1810"]
[BlackElo "2360"]
[PlyCount "70"]
[EventDate "1995.08.31"]

1. c4 Nf6 2. Nf3 g6 3. Nc3 Bg7 4. d4 O-O 5. g3 d6 6. Bg2 c6 7. O-O Bg4 8. Qc2
Nbd7 9. Rd1 Qc7 10. Bf4 e5 11. dxe5 dxe5 12. Bg5 h6 13. Bd2 Nc5 14. e4 Ne6 15.
Be3 Nh7 16. Ne2 Nhg5 17. Nxg5 Nxg5 18. Bxg5 hxg5 19. Rd3 Bf6 20. Rad1 Be7 21.
h3 Be6 22. c5 Qa5 23. Rc3 Qxa2 24. Nc1 Qa5 25. Nd3 Qc7 26. Ra3 Rfd8 27. Rda1 a6
28. Rf1 Rd4 29. Rc3 Rad8 30. Kh2 Kg7 31. g4 f6 32. f3 f5 33. Rf2 Bf6 34. Bf1
fxe4 35. fxe4 Rxe4 0-1

[Event "III C.to Italiano Universitario a squadre"]
[Site "Asiago ITA"]
[Date "1995.08.??"]
[Round "1"]
[White "Fontana, Enrico"]
[Black "Bianchi, Albino"]
[Result "1/2-1/2"]
[WhiteElo "1806"]
[BlackElo "2225"]
[PlyCount "25"]
[EventDate "1995.08.31"]

1. e4 e5 2. Nf3 Nf6 3. Nc3 Nc6 4. Bb5 Bb4 5. d3 Nd4 6. Ba4 b5 7. Bb3 d6 8. h3
O-O 9. O-O Nxb3 10. axb3 Bxc3 11. bxc3 h6 12. Qe2 c6 13. b4 1/2-1/2

[Event "III C.to Italiano Universitario a squadre"]
[Site "Asiago ITA"]
[Date "1995.08.??"]
[Round "1"]
[White "Malloni, Marcello"]
[Black "Luciani, Valerio"]
[Result "1/2-1/2"]
[WhiteElo "2195"]
[BlackElo "2175"]
[PlyCount "128"]
[EventDate "1995.08.31"]

1. e4 e6 2. d4 d5 3. Nd2 c5 4. Ngf3 Nc6 5. Bb5 a6 6. exd5 exd5 7. Bxc6+ bxc6 8.
O-O Bd6 9. dxc5 Bxc5 10. Nb3 Bd6 11. Qd4 f6 12. Re1+ Ne7 13. Bf4 O-O 14. Bxd6
Qxd6 15. Rad1 Re8 16. Qc5 Qxc5 17. Nxc5 Bg4 18. Rd3 Bxf3 19. Rxf3 Nf5 20. Rxe8+
Rxe8 21. Kf1 Nd4 22. Rc3 Rb8 23. Nb3 Nxb3 24. axb3 Rc8 25. b4 Kf7 26. Rc5 Ke7
27. Ke2 Kd6 28. Ra5 Ra8 29. Kd3 Kc7 30. Ra1 Kd6 31. Kd4 Rb8 32. c3 Rb6 33. Ra5
Kd7 34. b3 Kd6 35. Ra4 Kc7 36. c4 dxc4 37. bxc4 Rb8 38. Rxa6 Rxb4 39. Kc5 Kb7
40. Ra2 Rb1 41. Re2 Rf1 42. Re7+ Ka6 43. Rxg7 Rxf2 44. Kxc6 h5 45. c5 h4 46. h3
f5 47. Kc7 Rc2 48. c6 Rd2 49. Kc8 Kb6 50. c7 Ka7 51. Rg5 Rf2 52. Rg8 Rd2 53.
Rg6 Rd1 54. Rf6 Rd5 55. Rf7 Rd2 56. Rd7 Rxg2 57. Kd8 Rg8+ 58. Ke7 Kb7 59. Rd5
Rg7+ 60. Kd6 Rxc7 61. Rxf5 Rh7 62. Rc5 Kb6 63. Rc3 Kb5 64. Rc8 64... Kb4 {...}
1/2-1/2

[Event "III C.to Italiano Universitario a squadre"]
[Site "Asiago ITA"]
[Date "1995.08.??"]
[Round "1"]
[White "Malnich, Riccardo"]
[Black "Stavru, Alessandro"]
[Result "1/2-1/2"]
[WhiteElo "1618"]
[BlackElo "2230"]
[PlyCount "40"]
[EventDate "1995.08.31"]

1. e4 c5 2. Nf3 d6 3. d4 cxd4 4. Nxd4 Nf6 5. Nc3 a6 6. Be2 e5 7. Nb3 Be7 8. O-O
O-O 9. Be3 Be6 10. f4 exf4 11. Bxf4 Nc6 12. Kh1 Rc8 13. Qe1 Nd7 14. Rd1 Nde5
15. Nd5 Bg5 16. c3 Re8 17. Qd2 Bxf4 18. Qxf4 Ne7 19. Bh5 N7g6 20. Bxg6 hxg6
1/2-1/2

[Event "III C.to Italiano Universitario a squadre"]
[Site "Asiago ITA"]
[Date "1995.08.??"]
[Round "1"]
[White "Marrara, Francesco"]
[Black "Auletta, Angelo"]
[Result "0-1"]
[WhiteElo "1772"]
[BlackElo "2230"]
[PlyCount "52"]
[EventDate "1995.08.31"]

1. f4 e5 2. fxe5 d6 3. exd6 Bxd6 4. Nf3 g5 5. g3 g4 6. Nh4 Nc6 7. d4 Be7 8. Ng2
Qxd4 9. c3 Qxd1+ 10. Kxd1 Bf5 11. Ke1 O-O-O 12. Nd2 Nf6 13. Ne3 Be6 14. Bg2 h5
15. b3 h4 16. Bb2 h3 17. Bxc6 bxc6 18. Rd1 Bc5 19. Ndf1 Ne4 20. Rxd8+ Rxd8 21.
b4 Bxe3 22. Nxe3 Rd2 23. Bc1 Rxa2 24. Rf1 Ra1 25. Kd1 Bb3+ 26. Nc2 Ra2 0-1

[Event "III C.to Italiano Universitario a squadre"]
[Site "Asiago ITA"]
[Date "1995.08.??"]
[Round "1"]
[White "Negro, Roberto"]
[Black "Bednarich, Jan"]
[Result "1-0"]
[WhiteElo "2164"]
[BlackElo "1935"]
[PlyCount "51"]
[EventDate "1995.08.31"]

1. d4 Nf6 2. c4 c5 3. d5 e6 4. Nc3 exd5 5. cxd5 d6 6. e4 g6 7. f4 Bg7 8. Nf3
O-O 9. Be2 a6 10. O-O Bg4 11. e5 Nfd7 12. e6 fxe6 13. Ng5 Bxe2 14. Qxe2 exd5
15. Qe6+ Kh8 16. Nxd5 Nf6 17. Qh3 Nbd7 18. f5 gxf5 19. Ne6 Nxd5 20. Nxd8 Raxd8
21. Bg5 Rde8 22. Rxf5 Bxb2 23. Rxf8+ Nxf8 24. Rd1 Bd4+ 25. Rxd4 cxd4 26. Qf5
1-0

[Event "III C.to Italiano Universitario a squadre"]
[Site "Asiago ITA"]
[Date "1995.08.??"]
[Round "1"]
[White "Redo, Nicola"]
[Black "De Poi, Paolo"]
[Result "1/2-1/2"]
[WhiteElo "2190"]
[BlackElo "2089"]
[PlyCount "31"]
[EventDate "1995.08.31"]

1. Nf3 Nf6 2. g3 g6 3. Bg2 Bg7 4. d4 O-O 5. c4 d6 6. Nc3 Nbd7 7. O-O e5 8. h3
Re8 9. dxe5 Nxe5 10. Nxe5 dxe5 11. Be3 c6 12. Qxd8 Rxd8 13. Rad1 Be6 14. b3
Rxd1 15. Rxd1 Bf8 16. Na4 1/2-1/2

[Event "III C.to Italiano Universitario a squadre"]
[Site "Asiago ITA"]
[Date "1995.08.??"]
[Round "1"]
[White "Rinaldi, Francesco Saverio"]
[Black "Pisani, Leonardo"]
[Result "1-0"]
[WhiteElo "1863"]
[BlackElo "1600"]
[PlyCount "37"]
[EventDate "1995.08.31"]

1. d4 d5 2. Nf3 Nf6 3. e3 e6 4. Bd3 c5 5. c3 cxd4 6. exd4 Be7 7. O-O O-O 8.
Nbd2 b6 9. Qe2 Bb7 10. Ne5 Nbd7 11. f4 Nxe5 12. fxe5 Nd7 13. Qg4 Qc8 14. Re1
Ba6 15. Bc2 b5 16. a3 Bb7 17. Nf1 Kh8 18. Re3 Rg8 19. Bxh7 1-0

[Event "III C.to Italiano Universitario a squadre"]
[Site "Asiago ITA"]
[Date "1995.08.??"]
[Round "1"]
[White "Zorat, Paolo"]
[Black "Boscolo, Marco"]
[Result "1-0"]
[WhiteElo "1900"]
[BlackElo "1646"]
[PlyCount "105"]
[EventDate "1995.08.31"]

1. d4 f5 2. Qd3 e6 3. e4 fxe4 4. Qxe4 Nf6 5. Qh4 Be7 6. Bg5 O-O 7. Bd3 h6 8.
Bxf6 Rxf6 9. Qe4 Nc6 10. Nf3 g6 11. c3 d5 12. Qe3 Kg7 13. Nbd2 Bd6 14. O-O-O
Ne7 15. g4 Bf4 16. Qe2 c5 17. dxc5 Qa5 18. Kb1 Qxc5 19. h4 Rf8 20. Bc2 Bd7 21.
h5 Bb5 22. Qxe6 Rf6 23. Nd4 Re8 24. g5 Bxg5 25. Qg4 Nc6 26. N2b3 Qb6 27. Qd7+
Re7 28. Qxd5 Nxd4 29. Nxd4 Bd7 30. Rhe1 Qd8 31. hxg6 Rxf2 32. Ne6+ Rxe6 33.
Rxe6 Bxe6 34. Qxe6 Qe7 35. Qd6 Re2 36. a3 Re1 37. Qd4+ Bf6 38. Qd5 Rxd1+ 39.
Qxd1 Qc7 40. Qd5 b6 41. Ka2 a5 42. a4 Bg5 43. Qe6 Bc1 44. Bb3 h5 45. Qg8+ Kh6
46. Qe6 Qh2 47. g7+ Kxg7 48. Qf7+ Kh6 49. Qf6+ Kh7 50. c4 Qxb2+ 51. Qxb2 Bxb2
52. Kxb2 h4 53. Bc2+ 1-0

[Event "III C.to Italiano Universitario a squadre"]
[Site "Asiago ITA"]
[Date "1995.08.??"]
[Round "2"]
[White "Auletta, Angelo"]
[Black "Malloni, Marcello"]
[Result "0-1"]
[WhiteElo "2230"]
[BlackElo "2195"]
[PlyCount "77"]
[EventDate "1995.08.31"]

1. e4 e6 2. d4 d5 3. Nc3 Nf6 4. Bg5 Bb4 5. e5 h6 6. Bd2 Bxc3 7. bxc3 Ne4 8. Bd3
Nxd2 9. Kxd2 c5 10. Qg4 O-O 11. h4 Nc6 12. Rh3 f5 13. Qf4 Bd7 14. Rg3 Kh8 15.
Rb1 cxd4 16. cxd4 Qa5+ 17. Kd1 b6 18. Ne2 Rac8 19. a3 Qxa3 20. Qd2 Qe7 21. Nf4
Be8 22. Ba6 Rc7 23. Rg6 Nd8 24. Rb3 Kh7 25. Rgg3 Bf7 26. h5 Nc6 27. Rbc3 Rd8
28. Bb5 Rdc8 29. Bxc6 Rxc6 30. Rxc6 Rxc6 31. Rc3 Rxc3 32. Qxc3 Qh4 33. Qf3 Qh1+
34. Kd2 a5 35. Nxd5 Bxh5 36. Qe3 Qd1+ 37. Kc3 Qe1+ 38. Kb3 Qb1+ 39. Ka3 0-1

[Event "III C.to Italiano Universitario a squadre"]
[Site "Asiago ITA"]
[Date "1995.08.??"]
[Round "2"]
[White "Bellomo, Francesco"]
[Black "Vita, Fabrizio"]
[Result "1-0"]
[WhiteElo "2360"]
[BlackElo "1803"]
[PlyCount "62"]
[EventDate "1995.08.31"]

1. Nf3 c5 2. g3 Nc6 3. Bg2 g6 4. O-O Bg7 5. d3 e6 6. e4 Nge7 7. c3 O-O 8. d4
cxd4 9. cxd4 d5 10. e5 f6 11. Re1 Qb6 12. Nc3 Nf5 13. Na4 Qb4 14. a3 Qe7 15. g4
Nfxd4 16. Nxd4 fxe5 17. Nxc6 bxc6 18. Qd3 e4 19. Qg3 Bd7 20. Be3 d4 21. Bf4 e5
22. Rxe4 exf4 23. Rxe7 fxg3 24. Rxd7 gxh2+ 25. Kxh2 Rxf2 26. Re1 Rc8 27. Rde7
Bf6 28. R7e6 Bg7 29. Kg3 Rc2 30. g5 Rc4 31. b3 31... Rc2 {...} 1-0

[Event "III C.to Italiano Universitario a squadre"]
[Site "Asiago ITA"]
[Date "1995.08.??"]
[Round "2"]
[White "Berra, Davide"]
[Black "Campanile, Roberto"]
[Result "1-0"]
[WhiteElo "1986"]
[BlackElo "1944"]
[PlyCount "87"]
[EventDate "1995.08.31"]

1. d4 Nf6 2. Nf3 g6 3. Bg5 Bg7 4. Nbd2 d5 5. e3 c6 6. Bd3 Qb6 7. Rb1 O-O 8. O-O
Na6 9. c3 c5 10. Ne5 Nc7 11. f4 Nb5 12. Qe1 Nd6 13. Qh4 Bf5 14. Bxf5 Nxf5 15.
Qh3 Rad8 16. g4 Nd6 17. Bh6 Nfe4 18. Bxg7 Kxg7 19. Ndf3 f6 20. Nd3 c4 21. Nc5
Nf7 22. f5 Nxc5 23. dxc5 Qxc5 24. Nd4 Ng5 25. Qg2 Rd6 26. h4 Ne4 27. Rbe1 Qb6
28. g5 e5 29. Ne6+ Rxe6 30. fxe6 f5 31. e7 Re8 32. h5 Qe6 33. h6+ Kg8 34. Kh1
Qxe7 35. Rg1 Qc5 36. Qf3 Qe7 37. Qg2 Qe6 38. Ref1 Nc5 39. b4 Nd3 40. a4 e4 41.
a5 Ne5 42. Qg3 Nf3 43. Qc7 Nxg1 44. Qg7# 1-0

[Event "III C.to Italiano Universitario a squadre"]
[Site "Asiago ITA"]
[Date "1995.08.??"]
[Round "2"]
[White "Carotenuto, Ennio"]
[Black "Mazzei, Alessandro"]
[Result "1-0"]
[WhiteElo "1913"]
[BlackElo "1938"]
[PlyCount "87"]
[EventDate "1995.08.31"]

1. c4 g6 2. Nc3 Bg7 3. g3 e5 4. Nf3 Nc6 5. Bg2 d6 6. Rb1 a5 7. d3 f5 8. Bg5
Nce7 9. a3 h6 10. Bd2 Nf6 11. h4 O-O 12. O-O Nh5 13. Nh2 c6 14. b4 axb4 15.
axb4 f4 16. g4 Nf6 17. e3 g5 18. h5 Be6 19. Bf3 Qd7 20. Qe2 d5 21. c5 Ra3 22.
Ra1 Rxa1 23. Rxa1 e4 24. dxe4 dxe4 25. Nxe4 Nxe4 26. Rd1 Nxd2 27. Rxd2 Qc8 28.
exf4 Rxf4 29. Rd6 Rf6 30. Nf1 Nd5 31. Ng3 Nf4 32. Qd1 Bd5 33. Nf5 Rxd6 34. Ne7+
Kf8 35. Nxc8 Rd7 36. Nd6 Re7 37. Bxd5 Nxd5 38. Qf3+ Kg8 39. Qf5 Re1+ 40. Kg2
Nf4+ 41. Kf3 Rc1 42. Qf7+ Kh8 43. Nf5 Rc3+ 44. Ke4 1-0

[Event "III C.to Italiano Universitario a squadre"]
[Site "Asiago ITA"]
[Date "1995.08.??"]
[Round "2"]
[White "De Poi, Paolo"]
[Black "Del Regno, Aurelio"]
[Result "1-0"]
[WhiteElo "2089"]
[BlackElo "1615"]
[PlyCount "90"]
[EventDate "1995.08.31"]

1. e4 c6 2. Nc3 d5 3. Nf3 dxe4 4. Nxe4 Nd7 5. Bc4 Ngf6 6. Neg5 e6 7. Qe2 Nb6 8.
Bb3 h6 9. Ne4 Nxe4 10. Qxe4 Bd6 11. d4 Nd5 12. Bd2 Qc7 13. O-O Nf6 14. Qd3 b6
15. Rfe1 a5 16. c4 O-O 17. Bc2 Rd8 18. Bc3 Bb4 19. Rad1 Bb7 20. Ne5 c5 21. d5
exd5 22. Ng4 Ne4 23. cxd5 Ng5 24. d6 Qc6 25. Qg3 Bxc3 26. bxc3 f6 27. h4 Nf7
28. Nxf6+ Kf8 29. Be4 Qc8 30. d7 Qb8 31. Bxb7 Qxb7 32. Re8+ Rxe8 33. dxe8=Q+
Rxe8 34. Nxe8 Kxe8 35. Qxg7 Qe4 36. Qg8+ Ke7 37. Qb8 Qc2 38. Re1+ Kf6 39. Qxb6+
Kg7 40. Qxa5 Qd2 41. Re3 Ne5 42. Qc7+ Nf7 43. Re7 Qxa2 44. Rxf7+ Qxf7 45. Qxf7+
Kxf7 1-0

[Event "III C.to Italiano Universitario a squadre"]
[Site "Asiago ITA"]
[Date "1995.08.??"]
[Round "2"]
[White "Foroni, Francesco"]
[Black "Cesaro, Giuliano"]
[Result "0-1"]
[WhiteElo "1730"]
[BlackElo "1884"]
[PlyCount "50"]
[EventDate "1995.08.31"]

1. Nf3 d5 2. e3 Nf6 3. d4 Bg4 4. c4 c6 5. Qb3 Qc7 6. Ne5 Bh5 7. Nc3 e6 8. Bd2
Nbd7 9. Nxd7 Qxd7 10. Bd3 Bg6 11. Be2 Bd6 12. O-O O-O 13. Rfe1 Rad8 14. Bf3 Ne4
15. Bxe4 dxe4 16. Na4 Qe7 17. a3 Qh4 18. h3 Bf5 19. Bb4 Bb8 20. Kf1 Bxh3 21.
Bxf8 Bg4 22. f4 exf3 23. gxf3 Bxf3 24. e4 Qh3+ 25. Kf2 Qg3+ 0-1

[Event "III C.to Italiano Universitario a squadre"]
[Site "Asiago ITA"]
[Date "1995.08.??"]
[Round "2"]
[White "Marrara, Francesco"]
[Black "Mascellani, Marco"]
[Result "0-1"]
[WhiteElo "1772"]
[BlackElo "1881"]
[PlyCount "70"]
[EventDate "1995.08.31"]

1. f4 d5 2. Nf3 Nf6 3. g3 c5 4. Bg2 g6 5. c4 Bg7 6. O-O O-O 7. cxd5 Nxd5 8. Nc3
Nxc3 9. bxc3 Nc6 10. Rb1 Qc7 11. Qc2 b6 12. e4 Rd8 13. Rd1 e5 14. d3 Bg4 15.
Be3 Rd7 16. h3 Bxf3 17. Bxf3 Rad8 18. Bg4 Rd6 19. Rbc1 Bh6 20. Kg2 exf4 21.
gxf4 Rf6 22. e5 Rxf4 23. Bxf4 Bxf4 24. Rb1 Nxe5 25. Qe2 Qc6+ 26. Qe4 Qf6 27.
Rf1 g5 28. Be2 Ng6 29. Rb3 Nh4+ 30. Kh1 Nf5 31. Qf3 Qe5 32. Rf2 Re8 33. Bf1 Qe1
34. Ra3 Re3 35. Qg2 Rxh3+ 0-1

[Event "III C.to Italiano Universitario a squadre"]
[Site "Asiago ITA"]
[Date "1995.08.??"]
[Round "2"]
[White "Messina, Enrico"]
[Black "Chiaretti, Roberto"]
[Result "1/2-1/2"]
[WhiteElo "2018"]
[BlackElo "2076"]
[PlyCount "42"]
[EventDate "1995.08.31"]

1. e4 e5 2. Nf3 Nc6 3. d4 exd4 4. Bc4 Nf6 5. O-O Nxe4 6. Re1 d5 7. Bxd5 Qxd5 8.
Nc3 Qa5 9. Nxe4 Be6 10. Bd2 Qd5 11. Bg5 Bd6 12. Bf6 O-O 13. Nxd4 Nxd4 14. Bxd4
Rfd8 15. Nxd6 Rxd6 16. Be5 Qxd1 17. Rexd1 Rxd1+ 18. Rxd1 c6 19. b3 Bd5 20. Bd4
b5 21. Re1 Be6 1/2-1/2

[Event "III C.to Italiano Universitario a squadre"]
[Site "Asiago ITA"]
[Date "1995.08.??"]
[Round "2"]
[White "Picone, Franco"]
[Black "Zorat, Paolo"]
[Result "0-1"]
[WhiteElo "1600"]
[BlackElo "1900"]
[PlyCount "70"]
[EventDate "1995.08.31"]

1. d4 f5 2. Nf3 Nf6 3. g3 g6 4. Bg2 Bg7 5. e3 O-O 6. O-O c5 7. c3 Na6 8. Nbd2
Kh8 9. b3 d6 10. Bb2 Qe8 11. a3 e5 12. Nc4 e4 13. Nxd6 Qd7 14. Nxc8 exf3 15.
Bxf3 Raxc8 16. c4 Ne4 17. Qe2 cxd4 18. exd4 Rce8 19. Qc2 Ng5 20. Bg2 f4 21.
Rfd1 f3 22. Bf1 Re7 23. Bc1 Nh3+ 24. Kh1 Rfe8 25. Be3 Qg4 26. Qd2 h5 27. Rac1
h4 28. Re1 Bf6 29. d5 hxg3 30. fxg3 f2 31. Re2 Ng5 32. Bxg5 Bxg5 33. Qc3+ Kh7
34. Rxe7+ Rxe7 35. Rd1 Qxd1 0-1

[Event "III C.to Italiano Universitario a squadre"]
[Site "Asiago ITA"]
[Date "1995.08.??"]
[Round "2"]
[White "Pisani, Leonardo"]
[Black "Fontana, Enrico"]
[Result "0-1"]
[WhiteElo "1600"]
[BlackElo "1806"]
[PlyCount "50"]
[EventDate "1995.08.31"]

1. d4 Nf6 2. c4 g6 3. Nc3 d5 4. cxd5 Nxd5 5. e4 Nxc3 6. bxc3 Bg7 7. Nf3 O-O 8.
Bc4 c5 9. O-O Bg4 10. e5 cxd4 11. cxd4 Nc6 12. Bb2 Bxf3 13. gxf3 e6 14. Qd2
Nxe5 15. Be2 Qd5 16. Qe3 Nc6 17. Rfd1 Rfd8 18. Qd3 Qg5+ 19. Kf1 Qh4 20. Kg2 Rd5
21. Qe4 Rg5+ 22. Kh1 Qxf2 23. Rg1 Rxg1+ 24. Rxg1 Nxd4 25. Bxd4 Bxd4 0-1

[Event "III C.to Italiano Universitario a squadre"]
[Site "Asiago ITA"]
[Date "1995.08.??"]
[Round "2"]
[White "Stavru, Alessandro"]
[Black "Esposito, Luca"]
[Result "1/2-1/2"]
[WhiteElo "2230"]
[BlackElo "2025"]
[PlyCount "78"]
[EventDate "1995.08.31"]

1. e4 c5 2. Nf3 d6 3. d4 cxd4 4. Nxd4 Nf6 5. Nc3 Nc6 6. Bg5 e6 7. Qd2 a6 8.
O-O-O Bd7 9. f4 b5 10. a3 Qb6 11. Nb3 Qc7 12. Be2 Be7 13. Rhe1 h6 14. Bxf6 gxf6
15. Bh5 b4 16. axb4 Nxb4 17. Nd5 exd5 18. Qxb4 Rb8 19. Qa3 dxe4 20. Rxe4 Bf5
21. Qa4+ Qd7 22. Qxd7+ Kxd7 23. Nc5+ Ke8 24. Nxa6 Bxe4 25. Nxb8 Bxg2 26. Na6
Kd7 27. Bxf7 Ra8 28. Nc5+ Kc6 29. Nb3 d5 30. Nd4+ Kc5 31. Nb3+ Kc6 32. Nd4+ Kc5
33. Nb3+ Kc6 34. Re1 Bd6 35. Nd4+ Kd7 36. Be6+ Kd8 37. Kb1 Bb4 38. Rg1 Be4 39.
Rg8+ 39... Kc7 {...} 1/2-1/2

[Event "III C.to Italiano Universitario a squadre"]
[Site "Asiago ITA"]
[Date "1995.08.??"]
[Round "2"]
[White "Stradiotti, Alessandro"]
[Black "Arito, Luigi"]
[Result "1-0"]
[WhiteElo "1774"]
[BlackElo "1642"]
[PlyCount "33"]
[EventDate "1995.08.31"]

1. Nf3 Nf6 2. g3 b6 3. Bg2 Bb7 4. d3 d5 5. O-O c5 6. Nfd2 Qc7 7. e4 Nbd7 8. Qe2
e6 9. Re1 dxe4 10. dxe4 Be7 11. Nc3 Rd8 12. Nc4 O-O 13. Bf4 Qc6 14. Rad1 b5 15.
Na5 Qb6 16. Nxb7 Qxb7 17. e5 1-0

[Event "III C.to Italiano Universitario a squadre"]
[Site "Asiago ITA"]
[Date "1995.08.??"]
[Round "2"]
[White "Trangoni, Bruno"]
[Black "Ghisotti, Paolo"]
[Result "0-1"]
[WhiteElo "1782"]
[BlackElo "1600"]
[PlyCount "56"]
[EventDate "1995.08.31"]

1. f4 Nc6 2. Nf3 d6 3. e3 e5 4. Bb5 Bd7 5. Nc3 Nf6 6. d3 a6 7. Ba4 Qe7 8. e4
O-O-O 9. O-O h6 10. Nd5 Qe8 11. c4 Na7 12. Bxd7+ Nxd7 13. Be3 Nc6 14. f5 g5 15.
f6 g4 16. Nh4 h5 17. Nf5 Qe6 18. Ng7 Bxg7 19. fxg7 Rhg8 20. Bg5 Rde8 21. Bf6
Nd4 22. Qd2 c6 23. Qg5 Ne2+ 24. Kh1 Nf4 25. Ne7+ Rxe7 26. Bxe7 f6 27. Bxf6 Nxf6
28. Qh6 28... Qf7 {...} 0-1